书目信息 |
| 题名: |
轻松访问Internet网址大全
|
|
| 作者: | 黄忠 主编 | |
| 分册: | ||
| 出版信息: | 成都 电子科技大学出版社 2007.03 |
|
| 页数: | 196页 | |
| 开本: | 19cm | |
| 丛书名: | 非常魔法系列丛书 | |
| 单 册: | ||
| 中图分类: | TP393.409.2 | |
| 科图分类: | ||
| 主题词: | Internet--网址--汇编 | |
| 电子资源: | ||
| ISBN: | 978-7-81114-326-3 | |
| 000 | 00890nam 2200253 450 | |
| 001 | 012008104722 | |
| 005 | 20080613083944.91 | |
| 010 | @a978-7-81114-326-3@dCNY12.00 | |
| 100 | @a20080613d2007 em y0chiy0120 ea | |
| 101 | 0 | @achi |
| 102 | @aCN@b510000 | |
| 105 | @aa z 000yy | |
| 106 | @ar | |
| 200 | 1 | @a轻松访问Internet网址大全@Aqing song fang wen Internet wang zhi da quan@f黄忠主编@Fhuang zhong zhu bian |
| 210 | @a成都@c电子科技大学出版社@d2007.03 | |
| 215 | @a196页@c图@d19cm | |
| 225 | 2 | @a非常魔法系列丛书@Afei chang mo fa xi lie cong shu |
| 330 | @a本书首先介绍了浏览Internet网站所必须具备的基本知识,列出常用的18个互联网实用工具,40个知名站点的网址。 | |
| 410 | 0 | @12001 @a非常魔法系列丛书 |
| 606 | 0 | @aInternet@x网址@j汇编 |
| 690 | @aTP393.409.2@v4 | |
| 701 | 0 | @a黄忠@Ahuang zhong@4主编 |
| 801 | 0 | @aCN@bQSSK@c20080613 |
| 905 | @b727630-32@dTP393.409.2@eH922@f3 | |
| 轻松访问Internet网址大全/黄忠主编.-成都:电子科技大学出版社,2007.03 |
| 196页:图;19cm.-(非常魔法系列丛书) |
| ISBN 978-7-81114-326-3:CNY12.00 |
| 本书首先介绍了浏览Internet网站所必须具备的基本知识,列出常用的18个互联网实用工具,40个知名站点的网址。 |
| ● |
| 相关链接 |
|
|
|
正题名:轻松访问Internet网址大全
索取号:TP393.409.2/H922
 
预约/预借
| 序号 | 登录号 | 条形码 | 馆藏地/架位号 | 状态 | 备注 |
| 1 | 727630 | 207276302 | 自科库301/301自科库 136排1列1层/ [索取号:TP393.409.2/H922] | 在馆 | |
| 2 | 727631 | 207276311 | 自科库301/301自科库 37排3列4层/ [索取号:TP393.409.2/H922] | 在馆 | |
| 3 | 727632 | 207276320 | 自科库301/301自科库 37排3列4层/ [索取号:TP393.409.2/H922] | 在馆 |